| 000 | 01352nam a2200349 a 4500 | ||
|---|---|---|---|
| 001 | ebr10518906 | ||
| 003 | CaPaEBR | ||
| 006 | m u | ||
| 007 | cr cn||||||||| | ||
| 008 | 110518s2012 caub sb 001 0 eng d | ||
| 010 | _z 2011016690 | ||
| 020 | _z9780520271968 (cloth alk. paper) | ||
| 020 | _z9780520951808 (e-book) | ||
| 040 |
_aCaPaEBR _cCaPaEBR |
||
| 035 | _a(OCoLC)774290533 | ||
| 043 | _aw------ | ||
| 050 | 1 | 4 |
_aQH84.5 _b.H43 2012eb |
| 100 | 1 | _aHeads, Michael J. | |
| 245 | 1 | 0 |
_aMolecular panbiogeography of the tropics _h[electronic resource] / _cMichael Heads. |
| 260 |
_aBerkeley : _bUniversity of California Press, _cc2012. |
||
| 300 |
_aix, 565 p. : _bmaps. |
||
| 490 | 1 | _aSpecies and systematics | |
| 504 | _aIncludes bibliographical references and index. | ||
| 533 |
_aElectronic reproduction. _bPalo Alto, Calif. : _cebrary, _d2013. _nAvailable via World Wide Web. _nAccess may be limited to ebrary affiliated libraries. |
||
| 650 | 0 |
_aBiogeography _zTropics. |
|
| 650 | 0 |
_aBiology _xClassification _xMolecular aspects. |
|
| 650 | 0 |
_aVariation (Biology) _zTropics. |
|
| 655 | 7 |
_aElectronic books. _2local |
|
| 710 | 2 | _aebrary, Inc. | |
| 830 | 0 | _aSpecies and systematics. | |
| 856 | 4 | 0 |
_uhttp://site.ebrary.com/lib/rucke/Doc?id=10518906 _zAn electronic book accessible through the World Wide Web; click to view |
| 999 |
_c140388 _d140388 |
||